| 000 | 00964cam a2200241 4500 | ||
|---|---|---|---|
| 001 | WB364009 | ||
| 008 | 000000n2000 000 0 eng u | ||
| 035 | _a(Sirsi) u108755 | ||
| 245 | _aLand poison could trap lawyers | ||
| 260 | _c2000 | ||
| 490 |
_aLaw Society's Gazette _v97(38) 5 October 2000, 9(1) |
||
| 520 | _aEnvironmental solicitors have warned property lawyers that the new contaminated land regime is a potential negligence trap. To deal with the possible problems, city law firm Nicholson Graham & Jones has formed the Land Pollution Consortium with surveyors Rogers Chapman, offering multi-disciplinary advice to landowners, developers and property occupiers. | ||
| 590 | _aWB | ||
| 650 | _aCONTAMINATED LAND | ||
| 650 | _aPOLLUTION | ||
| 650 | _aLAWYERS | ||
| 650 | _aNEGLIGENCE | ||
| 650 | _aSURVEYORS | ||
| 650 | _aLIABILITY | ||
| 650 | _aMULTI-DISCIPLINARY PRACTICES | ||
| 690 | _aENVIRONMENTAL AND LAND CONSULTANCY | ||
| 942 | _n0 | ||
| 999 |
_c64926 _d64926 |
||